000 00576nam a2200181Ia 4500
005 20250508160705.0
008 008 250505s9999 xx 000 0 eng d
037 _aTextual
040 _aFEDL
_beng
_cFEDL
041 _aeng
_2eng
084 _a370.973, ASS
_qFEDL
245 0 _aEvaluation as feedback and guide
260 _aWashington, USA
_bAssociation for Supervision and Curriculum Development of the National Education Association
_c1967
300 _aviii,281p.
650 _aEducation
942 _cTEXL
_h370.973, ASS
999 _c1366046
_d1366046